Central Library OPAC University of Rajshahi

বাংলা কবিতার কালপঞ্জি : (Record no. 48131)

MARC details
000 -LEADER
fixed length control field 00967nam a2200241 a 4500
001 - CONTROL NUMBER
control field 48131
003 - CONTROL NUMBER IDENTIFIER
rucl marc code BD-RjUL
005 - DATE AND TIME OF LATEST TRANSACTION
control field 20211209054451.0
008 - FIXED-LENGTH DATA ELEMENTS--GENERAL INFORMATION
fixed length control field 160811s1993 ii |||| ||| 001 0 ben d
020 ## - INTERNATIONAL STANDARD BOOK NUMBER
International Standard Book Number 81854559053
Terms of availability : Tk. 50.00
035 ## - SYSTEM CONTROL NUMBER
System control number (BD-RjUL)48250
040 ## - CATALOGING SOURCE
Original cataloging agency BD-RjUL
Language of cataloging ben
Transcribing agency BD-RjUL
Modifying agency BD-RjUL
041 ## - LANGUAGE CODE
Language code of text/sound track or separate title ben
082 ## - DEWEY DECIMAL CLASSIFICATION NUMBER
Edition number 23
Classification number 891.44109
Author mark and year DUB 1993
100 1# - MAIN ENTRY--PERSONAL NAME
Personal name দত্ত. সন্দীপ
9 (RLIN) 145847
245 10 - TITLE STATEMENT
Title বাংলা কবিতার কালপঞ্জি :
Remainder of title (১৯২৭-১৯৮৯) /
Statement of responsibility, etc. সন্দীপ দত্ত
260 ## - PUBLICATION, DISTRIBUTION, ETC. (IMPRINT)
Place of publication, distribution, etc. কলকাতা :
Name of publisher, distributor, etc. র‌্যাডিক্যাল ইম্প্রেশন,
Date of publication, distribution, etc. ১৯৯৩
300 ## - PHYSICAL DESCRIPTION
Pagination [৮] ১৬৮ পৃ, ;
Size ২১ সেমি.
500 ## - GENERAL NOTE
General note নির্ঘন্ট সংযুক্ত
650 ## - SUBJECT ADDED ENTRY--TOPICAL TERM
Topical term or geographic name as entry element বাংলা কবিতা
General subdivision ইতিহাস ও সমালোচনা
9 (RLIN) 145848
Topical term or geographic name as entry element Bengali Poetry
9 (RLIN) 145849
942 ## - ADDED ENTRY ELEMENTS (KOHA)
Source of classification or shelving scheme Dewey Decimal Classification
Koha item type Books
Holdings
Lost status Source of classification or shelving scheme Damaged status Not for loan Collection code Permanent Location Current Location Shelving location Date acquired Source of acquisition Cost, normal purchase price Total Checkouts Full call number Date last seen Date checked out Copy number Koha item type
  Dewey Decimal Classification     Non-fiction Central Library, University of Rajshahi Central Library, University of Rajshahi   24/07/1996 Books House, Dhaka 50.00 1 B 891.44109 DUB 1993 20/09/2023 05/09/2023 C-2 Books